[Event "Mittelfrank Regionalliga Sud-West 2122"]
[Site "Mittelfranken"]
[Date "2021.10.24"]
[Round "1.7"]
[White "Lipp, Mirko"]
[Black "Jagdhuber, Hans"]
[Result "1-0"]
[WhiteElo "1875"]
[BlackElo "1813"]
[PlyCount "80"]
[EventDate "2021.10.24"]
[EventType "team-tourn"]
[EventRounds "9"]
[EventCountry "GER"]
[SourceTitle "EXT 2024"]
[Source "ChessBase"]
[SourceDate "2023.10.10"]
[SourceVersion "1"]
[SourceVersionDate "2023.10.10"]
[SourceQuality "1"]
[WhiteTeam "Sendling"]
[BlackTeam "Augsburg Rochade"]
[WhiteTeamCountry "GER"]
[BlackTeamCountry "GER"]

1. e4 c5 2. c3 Nf6 3. e5 Nd5 4. Nf3 Nc6 5. Bc4 e6 6. 0-0 d6 7. exd6 Qxd6 8. d4 cxd4 9. Nxd4 Be7 10. Nb5 Qb8 11. Bxd5 exd5 12. Qxd5 Be6 13. Qe4 0-0 14. Bf4 Qd8 15. Nc7 Rc8 16. Nxe6 fxe6 17. Qxe6+ Kh8 18. Be3 Rf6 19. Qe4 Qd7 20. Nd2 Re6 21. Qc2 Rg6 22. Ne4 Qf5 23. f3 Nb4 24. Qe2 Nd5 25. Rad1 Nxe3 26. Qxe3 b6 27. Qe2 Rh6 28. Rd3 Qh5 29. g3 Re8 30. Qg2 Qf5 31. Rfd1 Re6 32. Rd5 Qg6 33. Qh3 h6 34. Qf5 Qxf5 35. Rxf5 Kg8 36. Kg2 g6 37. Rfd5 Kf7 38. Rd7 a5 39. Nd6+ Rxd6 40. R1xd6 Kf8 1-0

[Event "Regionalliga Sued-West 1819"]
[Site "Bayern"]
[Date "2019.04.07"]
[Round "9.7"]
[White "Lipp, Mirko"]
[Black "Schmidt, Walter"]
[Result "1/2-1/2"]
[WhiteElo "1852"]
[BlackElo "1905"]
[PlyCount "91"]
[EventDate "2018.10.21"]
[EventType "team-tourn"]
[EventRounds "9"]
[EventCountry "GER"]
[SourceTitle "EXT 2022"]
[Source "ChessBase"]
[SourceDate "2021.10.06"]
[SourceVersion "1"]
[SourceVersionDate "2021.10.06"]
[SourceQuality "1"]
[WhiteTeam "Sendling SC"]
[BlackTeam "Haar"]
[WhiteTeamCountry "GER"]
[BlackTeamCountry "GER"]

1. e4 e5 2. Nf3 d6 3. d4 exd4 4. Nxd4 Nf6 5. Bd3 Be7 6. 0-0 0-0 7. Nc3 Bd7 8. Bf4 a6 9. a4 Nc6 10. Nxc6 Bxc6 11. Re1 Nd7 12. Bc4 Bf6 13. Qd2 Bxc3 14. Qxc3 Qf6 15. Qxf6 Nxf6 16. f3 Rfe8 17. Bg3 Kf8 18. b3 Nd7 19. Rad1 Nb6 20. Bf1 f6 21. Bf2 Nd7 22. Bc4 Ne5 23. Bd5 Bxd5 24. Rxd5 Nc6 25. Rd2 Kf7 26. Kf1 Rad8 27. Red1 Re7 28. Bh4 g5 29. Bf2 Red7 30. Bc5 Ke6 31. Ba3 a5 32. c4 b6 33. Bb2 Nb8 34. Ke2 Na6 35. Ba3 Nc5 36. Bxc5 bxc5 37. Rd3 Rb8 38. Kd2 Rdd8 39. Kc2 h5 40. Rd5 Rg8 41. R1d2 Rgd8 42. g3 c6 43. R5d3 Ke5 44. Rf2 Rf8 45. Re3 Rbe8 46. Kc3 1/2-1/2

[Event "Rhein Main op-A 18th"]
[Site "Bad Homburg"]
[Date "2015.06.06"]
[Round "5"]
[White "Bruno, Claudio"]
[Black "Lipp, Mirko"]
[Result "1/2-1/2"]
[WhiteElo "1766"]
[BlackElo "1938"]
[PlyCount "38"]
[EventDate "2015.06.03"]
[EventType "swiss"]
[EventRounds "7"]
[EventCountry "GER"]
[SourceTitle "CBM 167 Extra"]
[Source "ChessBase"]
[SourceDate "2015.09.14"]
[SourceVersion "1"]
[SourceVersionDate "2015.09.14"]
[SourceQuality "1"]

1. d4 d5 2. Bf4 Nf6 3. e3 e6 4. Nf3 Bd6 5. Bg3 0-0 6. Bd3 c5 7. c3 Nc6 8. Nbd2 Re8 9. 0-0 Bxg3 10. hxg3 cxd4 11. cxd4 h6 12. Rc1 Bd7 13. a3 Qb6 14. b4 Rec8 15. Qb3 Ne7 16. Rc5 Qd8 17. Ne5 Be8 18. Rfc1 b6 19. R5c3 Rxc3 1/2-1/2

[Event "Rhein Main op-A 17th"]
[Site "Bad Homburg"]
[Date "2014.06.19"]
[Round "3"]
[White "Kievelitz, Bernd"]
[Black "Lipp, Mirko"]
[Result "1/2-1/2"]
[WhiteElo "2046"]
[BlackElo "1902"]
[PlyCount "69"]
[EventDate "2014.06.18"]
[EventType "swiss"]
[EventRounds "7"]
[EventCountry "GER"]
[SourceTitle "CBM 161 Extra"]
[Source "ChessBase"]
[SourceDate "2014.08.29"]
[SourceVersion "1"]
[SourceVersionDate "2014.08.29"]
[SourceQuality "1"]

1. Nf3 d5 2. d4 Nf6 3. c4 e6 4. Nc3 Be7 5. Bf4 c6 6. e3 0-0 7. Rc1 Nbd7 8. h3 a6 9. c5 Re8 10. Bd3 Nf8 11. 0-0 N6d7 12. b4 Bf6 13. Ne5 Bxe5 14. dxe5 Ng6 15. Bxg6 hxg6 16. Qd4 Qe7 17. Bh2 a5 18. a3 axb4 19. axb4 Nb8 20. Ra1 Rxa1 21. Rxa1 Na6 22. Bg3 Bd7 23. Kh2 Rc8 24. Na4 Nc7 25. Nb6 Rf8 26. Bh4 Qe8 27. Qd3 Na6 28. Qc3 Bc8 29. Rd1 Nb8 30. Ra1 Nd7 31. Ra8 Nxb6 32. cxb6 Qd7 33. Qd4 Re8 34. Qc5 Rf8 35. Be7 1/2-1/2

[Event "Rhein Main op-A 17th"]
[Site "Bad Homburg"]
[Date "2014.06.18"]
[Round "1"]
[White "Partzsch, Lukas"]
[Black "Lipp, Mirko"]
[Result "1/2-1/2"]
[WhiteElo "2116"]
[BlackElo "1902"]
[PlyCount "60"]
[EventDate "2014.06.18"]
[EventType "swiss"]
[EventRounds "7"]
[EventCountry "GER"]
[SourceTitle "CBM 161 Extra"]
[Source "ChessBase"]
[SourceDate "2014.08.29"]
[SourceVersion "1"]
[SourceVersionDate "2014.08.29"]
[SourceQuality "1"]

1. d4 d5 2. Nf3 Nf6 3. g3 e6 4. Bg2 Be7 5. 0-0 0-0 6. c4 dxc4 7. Na3 c5 8. Nxc4 Nc6 9. dxc5 Qxd1 10. Rxd1 Bxc5 11. Nfe5 Nxe5 12. Nxe5 Bb6 13. Bg5 Re8 14. Nc4 Bc5 15. Bxf6 gxf6 16. Nd6 Bxd6 17. Rxd6 Rb8 18. Rc1 Kf8 19. Rc7 Re7 20. Rd8+ Re8 21. Rxe8+ Kxe8 22. f4 a5 23. Kf2 b6 24. Ke3 Bd7 25. Kd4 Kd8 26. Rc3 Ke7 27. e4 Rd8 28. Rc7 Kd6 29. Rb7 e5+ 30. Ke3 Kc6 1/2-1/2

[Event "Davos op 11th"]
[Site "Davos"]
[Date "2013.08.06"]
[Round "1"]
[White "Paleologu, Vladimir"]
[Black "Lipp, Mirko"]
[Result "1-0"]
[WhiteElo "2150"]
[BlackElo "1918"]
[PlyCount "107"]
[EventDate "2013.08.06"]
[EventType "swiss"]
[EventRounds "5"]
[EventCountry "SUI"]
[SourceTitle "CBM 155 Extra"]
[Source "ChessBase"]
[SourceDate "2013.08.26"]
[SourceVersion "1"]
[SourceVersionDate "2013.08.26"]
[SourceQuality "1"]

1. e4 e6 2. d4 d5 3. e5 c5 4. c3 Nc6 5. g3 Bd7 6. Ne2 cxd4 7. cxd4 g6 8. Nbc3 f6 9. exf6 Nxf6 10. Bf4 Bg7 11. Bd6 Kf7 12. Qd2 a6 13. Bg2 Re8 14. 0-0 b5 15. b4 Bf8 16. Bxf8 Kxf8 17. a3 Kg7 18. Nc1 Qe7 19. Nb3 Qd6 20. f4 Bc8 21. Rfe1 Qf8 22. Rac1 Nd8 23. Nd1 Nd7 24. Rc7 Kh8 25. Nb2 Nb6 26. Qe3 Qd6 27. Qe5+ Qxe5 28. Rxe5 Bd7 29. Nc5 Re7 30. Re2 Kg8 31. Bh3 Kf7 32. Ncd3 Bc8 33. Ne5+ Kf6 34. Ng4+ Kf7 35. Nh6+ Kf8 36. Rxe7 Kxe7 37. f5 gxf5 38. Bxf5 Nc4 39. Bxh7 Kf6 40. Ng4+ Kg7 41. Bd3 Nxa3 42. Ne5 Nc4 43. Nf3 a5 44. bxa5 Rxa5 45. h4 Kf6 46. g4 Ra3 47. g5+ Kg7 48. Kf2 b4 49. h5 Nc6 50. h6+ Kh8 51. g6 Rxd3 52. Nxd3 b3 53. Ng5 Nd6 54. Nf7+ 1-0

[Event "Regionalliga SW 1213"]
[Site "Bayern"]
[Date "2012.12.09"]
[Round "4.6"]
[White "Lipp, Mirko"]
[Black "Schmidt, Thomas1111"]
[Result "1-0"]
[WhiteElo "1903"]
[BlackElo "1837"]
[PlyCount "99"]
[EventDate "2012.10.14"]
[EventType "team-tourn"]
[EventRounds "9"]
[EventCountry "GER"]
[SourceTitle "EXT 2015"]
[Source "ChessBase"]
[SourceDate "2014.11.20"]
[SourceVersion "1"]
[SourceVersionDate "2014.11.20"]
[SourceQuality "1"]
[WhiteTeam "Sendling"]
[BlackTeam "Tuerkheim/Bad Woerishofen"]
[WhiteTeamCountry "GER"]
[BlackTeamCountry "GER"]

1. e4 d6 2. d4 Nf6 3. Nc3 c6 4. Nf3 Bg4 5. Be2 e6 6. 0-0 Be7 7. h3 Bh5 8. Be3 d5 9. exd5 cxd5 10. Ne5 Bxe2 11. Qxe2 0-0 12. Rab1 Nfd7 13. Nxd7 Qxd7 14. Qd2 Nc6 15. Ne2 Rfc8 16. c3 b5 17. Rfc1 a5 18. Qd3 Rab8 19. b3 h6 20. Qd2 Nd8 21. Nf4 Nb7 22. Nd3 Nd6 23. Nc5 Qa7 24. Bf4 Rb6 25. Bxd6 Bxd6 26. b4 a4 27. a3 Qc7 28. Re1 e5 29. Qa2 exd4 30. cxd4 Rd8 31. Re2 Be7 32. Rbe1 Bf6 33. Re8+ Kh7 34. Qc2+ g6 35. Qd3 Rxe8 36. Rxe8 Qf4 37. Nd7 Bxd4 38. Re2 Rc6 39. g3 Qf5 40. Nf8+ Kg8 41. Qxd4 Qf3 42. Re1 Rc4 43. Qe5 Rc2 44. Qd4 Rc4 45. Qd2 Re4 46. Rxe4 Qxe4 47. Nd7 Kg7 48. Qe3 f5 49. Qxe4 dxe4 50. Nc5 1-0

[Event "Regionalliga SW 1213"]
[Site "Bayern"]
[Date "2012.11.25"]
[Round "3.7"]
[White "Lipp, Mirko"]
[Black "Sakkal, Cherin"]
[Result "1/2-1/2"]
[WhiteElo "1903"]
[BlackElo "1990"]
[PlyCount "87"]
[EventDate "2012.10.14"]
[EventType "team-tourn"]
[EventRounds "9"]
[EventCountry "GER"]
[SourceTitle "EXT 2015"]
[Source "ChessBase"]
[SourceDate "2014.11.20"]
[SourceVersion "1"]
[SourceVersionDate "2014.11.20"]
[SourceQuality "1"]
[WhiteTeam "Sendling"]
[BlackTeam "Haar"]
[WhiteTeamCountry "GER"]
[BlackTeamCountry "GER"]

1. e4 e5 2. Nf3 Nc6 3. Bb5 a6 4. Bxc6 dxc6 5. 0-0 Ne7 6. Nxe5 Qd4 7. Qh5 g6 8. Qg5 h6 9. Qf4 f5 10. d3 g5 11. Nf3 gxf4 12. Nxd4 fxe4 13. dxe4 Ng6 14. c3 Rg8 15. Kh1 Bd6 16. Nd2 Nh4 17. Rg1 Bg4 18. f3 Bd7 19. Nc4 Ng6 20. Nxd6+ cxd6 21. Ne2 Rf8 22. b3 0-0-0 23. Ba3 Rf6 24. Rad1 Kc7 25. Bc1 h5 26. g3 Ne5 27. Bxf4 Nxf3 28. Rgf1 Ne5 29. Bxe5 Rxf1+ 30. Rxf1 dxe5 31. Rd1 c5 32. Rd5 Bg4 33. Rxd8 Bf3+ 34. Kg1 Kxd8 35. Kf2 Bxe4 36. Ke3 Bb1 37. Nc1 Ke7 38. a3 Ke6 39. Nd3 b6 40. Nb2 b5 41. Nd3 Kd5 42. Nb2 Bc2 43. c4+ Kc6 44. b4 1/2-1/2